Cats and dogs: (Record no. 116450)
[ view plain ]
| 000 -LEADER | |
|---|---|
| fixed length control field | 00352nam a2200133 a 4500 |
| 005 - DATE AND TIME OF LATEST TRANSACTION | |
| control field | 20140513081055.0 |
| 008 - FIXED-LENGTH DATA ELEMENTS--GENERAL INFORMATION | |
| fixed length control field | 051116s19uu xx 00 eng d |
| 050 ## - LIBRARY OF CONGRESS CALL NUMBER | |
| Classification number | VCD |
| Item number | Ca357 2001 |
| 245 ## - TITLE STATEMENT | |
| Title | Cats and dogs: |
| Remainder of title | things are gonna get hairy. |
| 260 ## - PUBLICATION, DISTRIBUTION, ETC. (IMPRINT) | |
| Name of publisher, distributor, etc | Warner Bros, |
| Date of publication, distribution, etc | 2001. |
| 500 ## - GENERAL NOTE | |
| General note | 2 discs |
| 650 ## - SUBJECT ADDED ENTRY--TOPICAL TERM | |
| Topical term or geographic name as entry element | Cats-detective-fiction. |
| Withdrawn status | Lost status | Damaged status | Home library | Current library | Shelving location | Date acquired | Source of acquisition | Total Checkouts | Full call number | Barcode | Date last seen | Price effective from | Koha item type |
|---|---|---|---|---|---|---|---|---|---|---|---|---|---|
| Elizalde Library | Elizalde Library | Audio Visual Material Section | 11/16/2005 | VCD Ca357 2001 | E520 | 05/13/2014 | 05/13/2014 | Audio Visual Materials |